Statistics for How I Met Your Mother - Very Hard

Click here to take the quiz!

General Stats

  • This quiz has been taken 264 times
  • The average score is 7 of 15

Answer Stats

HintAnswer% Correct
______ or DuckRabbit
86%
Candy that Marshall drops in an Art MuseumSkittles
84%
What item does Lily steal from Hammond Druthers?Signed Baseball
80%
The day before Valentine's dayDesperation Day
67%
What instrument does Jessica Glitter play for the New York Rangers?Organ
66%
What stains Barney's shirt in the episode, "The Time Travelers"Meatball
56%
What is Blah Blah's real nameCarol
51%
What food does Marshall want Lily to stop Bogarting?Funyuns
48%
Who dies in the episode, "Monday Night Football"?Mark
48%
Barney's fake kid's catchphrase"Tyler no likey"
47%
Marshall's Law School Band NameThe Funk, The Whole Funk, and Nothing But the Funk
40%
What its called when Robin looks at the top of Barney's headScalp Check
31%
Name of Barney's play where he gets slappedSuck It Lily
24%
Puppet Show that Robin and Dawn Guest HostMonty and Moo-Moo
11%
The Five DoppelgangersLesbian Robin, Mustache Marshall, Mexican Wrestler Ted, Stripper Lily, and Fertility Doctor Barney
0%

Score Distribution

Percentile by Number Answered

Percent of People with Each Score

Your Score History

You have not taken this quiz